[Event "Niederbayrische Einzelmeisterschaft"]
[Site "Röhrnbach"]
[Date "2014.04.26"]
[Round "6.6"]
[White "Neuwerth, Chulian"]
[Black "Wolf, Gregor"]
[Result "0-1"]
[WhiteElo "1441"]
[BlackElo "1767"]
[PlyCount "152"]
[EventDate "2014.04.??"]
[EventType "swiss"]
[EventRounds "7"]
[EventCountry "GER"]
[SourceDate "2015.12.24"]
[SourceVersion "1"]
[SourceVersionDate "2015.12.24"]
[SourceQuality "1"]
[WhiteTeam "SC Castra Batava Passau"]
[BlackTeam "SC Grafenau"]

1. e4 c5 2. d4 cxd4 3. c3 dxc3 4. Nxc3 Nc6 5. Nf3 d6 6. Bc4 e6 7. O-O Nf6 8.
Bg5 Be7 9. Qe2 O-O 10. Rfd1 e5 11. Bb5 Bg4 12. Bxc6 bxc6 13. h3 Bxf3 14. Qxf3
Qd7 15. Qd3 Rfd8 16. Rd2 Rac8 17. Rad1 Qe6 18. Qa6 Rc7 19. Qa5 Rdc8 20. Be3 Rb7
21. Qa6 Qd7 22. Bc5 Ne8 23. Qa3 Rd8 24. Bb4 Rdb8 25. Bc5 Qc7 26. Be3 d5 27. Bc5
d4 28. Na4 Nd6 29. Bxd6 Qxd6 30. Qg3 c5 31. Rc1 f6 32. Nxc5 Rxb2 33. Rxb2 Rxb2
34. Na4 Rb8 35. Qd3 Qb4 36. Qa6 Qb7 37. Qe6+ Kf8 38. Nc5 Bxc5 39. Rxc5 Rd8 40.
Qf5 Qe7 41. Rc8 g6 42. Rxd8+ Qxd8 43. Qe6 d3 44. Qb3 d2 45. Qd1 Qd3 46. f3 Ke7
47. Kf2 Kd6 48. a3 Kc5 49. h4 Kb5 50. g4 Qd4+ 51. Ke2 Qc4+ 52. Kxd2 Qd4+ 53.
Ke2 Qxd1+ 54. Kxd1 Ka4 55. f4 exf4 56. g5 fxg5 57. hxg5 Kb5 58. Ke2 Kc4 59. Kf3
Kd4 60. Kxf4 a6 61. a4 a5 62. e5 Kd5 63. e6 Kxe6 64. Ke4 Kf7 65. Kd5 Kg7 66.
Kc5 h5 67. gxh6+ Kxh6 68. Kb5 g5 69. Kxa5 g4 70. Kb6 g3 71. a5 g2 72. a6 g1=Q+
73. Kb7 Qg7+ 74. Kb8 Qe5+ 75. Ka8 Qd5+ 76. Kb8 Qb5+ 0-1

[Event "Niederbayrische Einzelmeisterschaft"]
[Site "Röhrnbach"]
[Date "2014.04.26"]
[Round "6.7"]
[White "Huber, Florian"]
[Black "Albrecht, Manuel"]
[Result "1/2-1/2"]
[WhiteElo "1517"]
[BlackElo "1662"]
[PlyCount "21"]
[EventDate "2014.04.??"]
[EventType "swiss"]
[EventRounds "7"]
[EventCountry "GER"]
[SourceDate "2015.12.24"]
[SourceVersion "1"]
[SourceVersionDate "2015.12.24"]
[SourceQuality "1"]
[WhiteTeam "SK Landau-Dingolfing"]
[BlackTeam "SK Landau-Dingolfing"]

1. d4 Nf6 2. Nf3 d5 3. e3 e6 4. Bd3 Be7 5. b3 c5 6. Bb2 Qb6 7. O-O Bd7 8. Nbd2
c4 9. Be2 O-O 10. Rb1 cxb3 11. cxb3 1/2-1/2

[Event "Niederbayrische Einzelmeisterschaft"]
[Site "Röhrnbach"]
[Date "2014.04.26"]
[Round "6.8"]
[White "Zinner, Bernhard"]
[Black "Haas, Karl-Heinz"]
[Result "1/2-1/2"]
[WhiteElo "1667"]
[BlackElo "1564"]
[PlyCount "39"]
[EventDate "2014.04.??"]
[EventType "swiss"]
[EventRounds "7"]
[EventCountry "GER"]
[SourceDate "2015.12.24"]
[SourceVersion "1"]
[SourceVersionDate "2015.12.24"]
[SourceQuality "1"]
[WhiteTeam "TV 1862 Geiselhöring"]
[BlackTeam "DJK SF Haselbach"]

1. d4 d5 2. c4 Nf6 3. Nc3 e6 4. Nf3 Bb4 5. Bd2 O-O 6. Rc1 c6 7. e3 Nbd7 8. cxd5
exd5 9. Bd3 Re8 10. O-O Nf8 11. a3 Bd6 12. Bb1 Bg4 13. h3 Bh5 14. Na4 Ne4 15.
Nc5 Nxd2 16. Qxd2 Bxf3 17. gxf3 Qg5+ 18. Kh1 Qh4 19. Kg2 Qg5+ 20. Kh1 1/2-1/2

[Event "Niederbayrische Einzelmeisterschaft"]
[Site "Röhrnbach"]
[Date "2014.04.26"]
[Round "6.9"]
[White "Scholler, Franz"]
[Black "Wilhelm, Walter"]
[Result "1-0"]
[WhiteElo "1477"]
[BlackElo "1597"]
[PlyCount "105"]
[EventDate "2014.04.??"]
[EventType "swiss"]
[EventRounds "7"]
[EventCountry "GER"]
[SourceDate "2015.12.24"]
[SourceVersion "1"]
[SourceVersionDate "2015.12.24"]
[SourceQuality "1"]
[WhiteTeam "DJK SF Haselbach"]
[BlackTeam "TSV Kreuzberg"]

1. c4 c5 2. Nc3 b6 3. Nf3 Bb7 4. e4 e6 5. d4 cxd4 6. Nxd4 Bb4 7. Bd3 Nf6 8. Qe2
O-O 9. Bd2 Re8 10. e5 d5 11. exf6 dxc4 12. Bxh7+ Kxh7 13. Qh5+ Kg8 14. fxg7 f6
15. O-O-O Nc6 16. Be3 Nxd4 17. Bxd4 Qe7 18. Qh8+ Kf7 19. Qh7 Rg8 20. Qh5+ Kxg7
21. f4 Qf7 22. Qe2 Rac8 23. Rhg1 Rgd8 24. g4 Kf8 25. h4 Bd6 26. Qe3 Qc7 27.
Qxe6 Bxf4+ 28. Kb1 Rd6 29. Qf5 Rd7 30. Rdf1 Bd6 31. Bxf6 Rf7 32. g5 Re8 33. Re1
Bc8 34. Rxe8+ Kxe8 35. Qg6 Be7 36. Re1 Kf8 37. Nd5 Qc5 38. Qh6+ Ke8 39. Qh8+
Rf8 40. Rxe7+ Qxe7 41. Nxe7 Rxh8 42. Nxc8 Rxh4 43. Nxa7 Rg4 44. Nc8 b5 45. Nd6+
Kd7 46. Nxb5 Kc6 47. Nd4+ Kd5 48. Kc2 Rg3 49. Nf5 Rf3 50. Ne7+ Ke6 51. a4 Kf7
52. Nc6 Rd3 53. Ne5+ 1-0

[Event "Niederbayrische Einzelmeisterschaft"]
[Site "Röhrnbach"]
[Date "2014.04.26"]
[Round "6.11"]
[White "Pauli, Anton"]
[Black "Lenhard, Alexander"]
[Result "0-1"]
[WhiteElo "1208"]
[BlackElo "1430"]
[PlyCount "81"]
[EventDate "2014.04.??"]
[EventType "swiss"]
[EventRounds "7"]
[EventCountry "GER"]
[SourceDate "2015.12.24"]
[SourceVersion "1"]
[SourceVersionDate "2015.12.24"]
[SourceQuality "1"]
[WhiteTeam "SV Röhrnbach"]
[BlackTeam "SV Deggendorf"]

1. d4 Nf6 2. c4 e5 3. Nc3 Bb4 4. a3 exd4 5. Qxd4 Be7 6. e4 Nc6 7. Qd3 O-O 8.
Nf3 d6 9. Be2 Bg4 10. O-O Bxf3 11. Bxf3 Ne5 12. Qe2 h6 13. Bf4 Nc6 14. Rad1 Nd7
15. b4 Bg5 16. Qe3 Bxf4 17. Qxf4 Nce5 18. Be2 Qe8 19. Qc1 Qe6 20. Nd5 Rac8 21.
Qc2 Nf6 22. Nxf6+ Qxf6 23. f4 Ng6 24. Qc1 Qe7 25. Bd3 Qd7 26. f5 Ne5 27. Bb1
Qc6 28. c5 dxc5 29. Rd5 Rfe8 30. Qxc5 Qxc5+ 31. bxc5 Rcd8 32. Rfd1 Rxd5 33.
exd5 Nc4 34. a4 Nb2 35. Rf1 Nxa4 36. d6 cxd6 37. cxd6 Rd8 38. Rd1 Nc3 39. Rc1
Ne2+ 40. Kf2 Nxc1 41. Be4 0-1

[Event "Niederbayrische Einzelmeisterschaft"]
[Site "Röhrnbach"]
[Date "2014.04.26"]
[Round "6.12"]
[White "Pichlmeier, Matthias"]
[Black "Hartl, Konstantin"]
[Result "1/2-1/2"]
[WhiteElo "945"]
[BlackElo "944"]
[PlyCount "55"]
[EventDate "2014.04.??"]
[EventType "swiss"]
[EventRounds "7"]
[EventCountry "GER"]
[SourceDate "2015.12.24"]
[SourceVersion "1"]
[SourceVersionDate "2015.12.24"]
[SourceQuality "1"]
[WhiteTeam "SC Grafenau"]
[BlackTeam "SC Grafenau"]

1. e4 e5 2. Nf3 Nc6 3. Bc4 Bc5 4. c3 Nf6 5. d4 exd4 6. cxd4 Bb4+ 7. Bd2 Bxd2+
8. Nbxd2 d5 9. exd5 Nxd5 10. O-O O-O 11. Re1 Bg4 12. h3 Bh5 13. Nf1 Nf6 14. Ng3
Bxf3 15. gxf3 Qxd4 16. Qxd4 Nxd4 17. Rad1 Nxf3+ 18. Kf1 Nxe1 19. Rxe1 Rfe8 20.
Rd1 h6 21. Kg2 Ne4 22. Rd7 Ng5 23. Rxc7 Rac8 24. Rxc8 Rxc8 25. b3 Kh8 26. h4
Ne6 27. Nf5 b5 28. Nd6 1/2-1/2

[Event "Niederbayrische Einzelmeisterschaft"]
[Site "Röhrnbach"]
[Date "2014.04.27"]
[Round "7.1"]
[White "Mueller, Michael"]
[Black "Stadler, Alexander"]
[Result "1/2-1/2"]
[WhiteElo "2088"]
[BlackElo "2057"]
[PlyCount "92"]
[EventDate "2014.04.??"]
[EventType "swiss"]
[EventRounds "7"]
[EventCountry "GER"]
[SourceDate "2015.12.24"]
[SourceVersion "1"]
[SourceVersionDate "2015.12.24"]
[SourceQuality "1"]
[WhiteTeam "SC Bayerwald Regen/Zwiesel"]
[BlackTeam "SV Deggendorf"]

1. e4 d6 2. g3 c5 3. Bg2 Nc6 4. d3 g6 5. Nf3 Bg7 6. O-O Bg4 7. h3 Bd7 8. c3 e5
9. a3 a5 10. a4 Nge7 11. Na3 O-O 12. Nb5 Qb8 13. d4 cxd4 14. cxd4 Nb4 15. dxe5
Bxb5 16. axb5 dxe5 17. Bg5 Rd8 18. Qb3 Rd3 19. Qc4 Qe8 20. Rfd1 Rc8 21. Qxd3
Nxd3 22. Rxd3 f6 23. Be3 Qxb5 24. Bf1 Qxb2 25. Rxa5 f5 26. Rd7 Qc3 27. Rb5 f4
28. Rd3 Qc6 29. Rc5 fxe3 30. Rxc6 exf2+ 31. Kxf2 Nxc6 32. Rd7 Nd4 33. Nxd4 exd4
34. Rxb7 Rc2+ 35. Kf3 Rc3+ 36. Kf2 Be5 37. g4 h5 38. gxh5 gxh5 39. Rb5 Bg3+ 40.
Kg2 h4 41. Be2 d3 42. Bg4 d2 43. Rd5 Be1 44. e5 Re3 45. e6 Kf8 46. Rd8+ Ke7
1/2-1/2

[Event "Niederbayrische Einzelmeisterschaft"]
[Site "Röhrnbach"]
[Date "2014.04.27"]
[Round "7.4"]
[White "Lichtmannecker, Hans-Juergen"]
[Black "Haselbeck, Franz"]
[Result "1-0"]
[WhiteElo "1667"]
[BlackElo "1827"]
[PlyCount "109"]
[EventDate "2014.04.??"]
[EventType "swiss"]
[EventRounds "7"]
[EventCountry "GER"]
[SourceDate "2015.12.24"]
[SourceVersion "1"]
[SourceVersionDate "2015.12.24"]
[SourceQuality "1"]
[WhiteTeam "SV Aham"]
[BlackTeam "SV Deggendorf"]

1. d4 Nf6 2. Nc3 d5 3. Bg5 Nbd7 4. Nf3 c6 5. e3 Qa5 6. Bxf6 Nxf6 7. Bd3 Bg4 8.
a3 e6 9. b4 Qc7 10. Be2 Bd6 11. h3 Bh5 12. O-O O-O 13. Nd2 Bxe2 14. Qxe2 e5 15.
Nb3 Rfe8 16. Qd2 e4 17. Ne2 Nh5 18. Rac1 Re6 19. c4 dxc4 20. Rxc4 Rg6 21. d5
Qd7 22. Kh1 cxd5 23. Qxd5 Nf6 24. Qd1 Rh6 25. Ng1 Qe6 26. Rd4 Bc7 27. Nc5 Qe5
28. g3 Qf5 29. Kg2 Bb6 30. Rd6 Bc7 31. Rd4 b5 32. Nd7 Re8 33. Nxf6+ Rxf6 34.
Rd5 Qg6 35. Ne2 Rf3 36. Rd7 Bb6 37. Qd5 Rf5 38. Qd2 h5 39. Nf4 Qg5 40. h4 Qf6
41. Nd5 Qe6 42. Nxb6 Qxb6 43. Rd6 Qc7 44. Rc1 Qb8 45. Qd4 Rfe5 46. Rd7 R5e7 47.
Rc5 a6 48. Rxh5 Qc8 49. Rxe7 Rxe7 50. Rc5 Qg4 51. Qd8+ Kh7 52. Qxe7 Qf3+ 53.
Kg1 Qd1+ 54. Kh2 Qe2 55. Qxe4+ 1-0

[Event "Niederbayrische Einzelmeisterschaft"]
[Site "Röhrnbach"]
[Date "2014.04.27"]
[Round "7.5"]
[White "Wolf, Gregor"]
[Black "Stark, Bernhard"]
[Result "1/2-1/2"]
[WhiteElo "1767"]
[BlackElo "1893"]
[PlyCount "34"]
[EventDate "2014.04.??"]
[EventType "swiss"]
[EventRounds "7"]
[EventCountry "GER"]
[SourceDate "2015.12.24"]
[SourceVersion "1"]
[SourceVersionDate "2015.12.24"]
[SourceQuality "1"]
[WhiteTeam "SC Grafenau"]
[BlackTeam "SK Passau"]

1. e4 e5 2. Nf3 Nc6 3. Bb5 a6 4. Ba4 Nf6 5. O-O Be7 6. Re1 b5 7. Bb3 d6 8. c3
O-O 9. d3 Bb7 10. Nbd2 Na5 11. Bc2 c5 12. Nf1 Nd7 13. Ng3 Bf6 14. Nh5 Be7 15.
Be3 d5 16. exd5 Bxd5 17. Ng3 Be6 1/2-1/2

[Event "Niederbayrische Einzelmeisterschaft"]
[Site "Röhrnbach"]
[Date "2014.04.27"]
[Round "7.6"]
[White "Angerer, Dieter"]
[Black "Huber, Florian"]
[Result "1/2-1/2"]
[WhiteElo "1531"]
[BlackElo "1517"]
[PlyCount "49"]
[EventDate "2014.04.??"]
[EventType "swiss"]
[EventRounds "7"]
[EventCountry "GER"]
[SourceDate "2015.12.24"]
[SourceVersion "1"]
[SourceVersionDate "2015.12.24"]
[SourceQuality "1"]
[WhiteTeam "SC Sonnen"]
[BlackTeam "SK Landau-Dingolfing"]

1. e4 c5 2. Nf3 e6 3. Nc3 Nc6 4. d4 cxd4 5. Nxd4 Bc5 6. Nb3 Bb6 7. Nb5 d5 8.
exd5 Qxd5 9. Qxd5 exd5 10. Bd2 Nf6 11. f3 O-O 12. O-O-O a6 13. Nd6 Rd8 14. Nxc8
Raxc8 15. Bd3 Ne5 16. Bg5 Rc6 17. Rhe1 Nxd3+ 18. Rxd3 Rdc8 19. Re2 Re6 20. Be3
Rce8 21. Kd2 Kf8 22. Bc5+ Bxc5 23. Rxe6 Bb4+ 24. c3 Bxc3+ 25. Rxc3 1/2-1/2

[Event "Niederbayrische Einzelmeisterschaft"]
[Site "Röhrnbach"]
[Date "2014.04.27"]
[Round "7.7"]
[White "Lenhard, Alexander"]
[Black "Scholler, Franz"]
[Result "0-1"]
[WhiteElo "1430"]
[BlackElo "1477"]
[PlyCount "72"]
[EventDate "2014.04.??"]
[EventType "swiss"]
[EventRounds "7"]
[EventCountry "GER"]
[SourceDate "2015.12.24"]
[SourceVersion "1"]
[SourceVersionDate "2015.12.24"]
[SourceQuality "1"]
[WhiteTeam "SV Deggendorf"]
[BlackTeam "DJK SF Haselbach"]

1. e4 c5 2. Nf3 d6 3. Nc3 Nc6 4. d4 cxd4 5. Nxd4 e6 6. Be2 Nf6 7. O-O Be7 8.
Nxc6 bxc6 9. Bf3 d5 10. exd5 cxd5 11. Re1 O-O 12. Ne2 Rb8 13. b3 Ba6 14. Nd4
Qc7 15. Bf4 Qxf4 16. Nc6 Rb7 17. g3 Qd6 18. Nd4 Rc8 19. Bg2 Qb6 20. c4 Rd7 21.
cxd5 Nxd5 22. Qg4 Nf6 23. Qh3 Rxd4 24. Re5 Rd2 25. Re3 Rcc2 26. Rae1 Rxf2 27.
Bf1 Bxf1 28. Qxf1 Rxf1+ 29. Kxf1 Ng4 30. R3e2 Qb5 31. b4 Nxh2+ 32. Kg2 Rxe2+
33. Rxe2 Qxe2+ 34. Kh3 g5 35. g4 Bd6 36. b5 Qf3# 0-1

[Event "Niederbayrische Einzelmeisterschaft"]
[Site "Röhrnbach"]
[Date "2014.04.27"]
[Round "7.8"]
[White "Fuchs, Mirjana"]
[Black "Neuwerth, Chulian"]
[Result "1/2-1/2"]
[WhiteElo "1709"]
[BlackElo "1441"]
[PlyCount "30"]
[EventDate "2014.04.??"]
[EventType "swiss"]
[EventRounds "7"]
[EventCountry "GER"]
[SourceDate "2015.12.24"]
[SourceVersion "1"]
[SourceVersionDate "2015.12.24"]
[SourceQuality "1"]
[WhiteTeam "DJK SF Haselbach"]
[BlackTeam "SC Castra Batava Passau"]

1. e4 e5 2. Nc3 Nc6 3. g3 Nf6 4. Bg2 g6 5. Nge2 Bg7 6. d3 d6 7. O-O O-O 8. h3
Be6 9. Kh2 d5 10. exd5 Nxd5 11. Ne4 f5 12. Bg5 Nf6 13. Nc5 Qd6 14. Nxe6 Qxe6
15. Nc3 Rfd8 1/2-1/2

[Event "Niederbayrische Einzelmeisterschaft"]
[Site "Röhrnbach"]
[Date "2014.04.27"]
[Round "7.9"]
[White "Albrecht, Manuel"]
[Black "Zinner, Bernhard"]
[Result "0-1"]
[WhiteElo "1662"]
[BlackElo "1667"]
[PlyCount "74"]
[EventDate "2014.04.??"]
[EventType "swiss"]
[EventRounds "7"]
[EventCountry "GER"]
[SourceDate "2015.12.24"]
[SourceVersion "1"]
[SourceVersionDate "2015.12.24"]
[SourceQuality "1"]
[WhiteTeam "SK Landau-Dingolfing"]
[BlackTeam "TV 1862 Geiselhöring"]

1. e4 d5 2. exd5 Qxd5 3. d4 c6 4. Nc3 Qa5 5. Bd2 Qc7 6. Nf3 Nf6 7. Bc4 Bf5 8.
O-O e6 9. Re1 Bd6 10. d5 cxd5 11. Bxd5 Nxd5 12. Nxd5 Qxc2 13. Qxc2 Bxc2 14.
Rac1 O-O 15. Nc3 Bd3 16. Be3 Bb4 17. Red1 Bxc3 18. Rxc3 Be2 19. Rd2 Bxf3 20.
gxf3 Nc6 21. Rd7 Rab8 22. Bc5 Rfd8 23. Bd6 Rxd7 24. Bxb8 f6 25. Bf4 Nd4 26. Kg2
Kf7 27. Be3 e5 28. Bxd4 exd4 29. Rd3 Ke6 30. f4 Kd5 31. Kf3 Kc4 32. Ke2 Re7+
33. Kd2 b5 34. a3 a5 35. b3+ Kd5 36. f3 f5 37. b4 a4 0-1

[Event "Niederbayrische Einzelmeisterschaft"]
[Site "Röhrnbach"]
[Date "2014.04.27"]
[Round "7.10"]
[White "Haas, Karl-Heinz"]
[Black "Pichlmeier, Matthias"]
[Result "1-0"]
[WhiteElo "1564"]
[BlackElo "945"]
[PlyCount "75"]
[EventDate "2014.04.??"]
[EventType "swiss"]
[EventRounds "7"]
[EventCountry "GER"]
[SourceDate "2015.12.24"]
[SourceVersion "1"]
[SourceVersionDate "2015.12.24"]
[SourceQuality "1"]
[WhiteTeam "DJK SF Haselbach"]
[BlackTeam "SC Grafenau"]

1. f4 e6 2. Nf3 Nf6 3. Nc3 Nc6 4. e3 Be7 5. Bb5 a6 6. Bxc6 bxc6 7. O-O O-O 8.
b3 d6 9. Bb2 Bb7 10. Ne2 h6 11. Ng3 Re8 12. Rc1 c5 13. c4 Rb8 14. d3 c6 15. e4
Ng4 16. Qe2 Nf6 17. e5 dxe5 18. Nxe5 Rf8 19. Rcd1 Qc7 20. Nh5 Nxh5 21. Qxh5 Bf6
22. Qg4 g6 23. Qg3 Bg7 24. Qf3 Rbd8 25. Qg3 Qa5 26. f5 exf5 27. Rxf5 Qxa2 28.
Rf2 Qa5 29. Rdf1 f6 30. Nxg6 Rf7 31. Nh4 Kh8 32. Nf5 Rg8 33. Qg6 Rc7 34. Nxh6
Bxh6 35. Qxh6+ Rh7 36. Bxf6+ Rgg7 37. Bxg7+ Kg8 38. Rf8# 1-0

[Event "Niederbayrische Einzelmeisterschaft"]
[Site "Röhrnbach"]
[Date "2014.04.27"]
[Round "7.11"]
[White "Hartl, Konstantin"]
[Black "Wilhelm, Walter"]
[Result "0-1"]
[WhiteElo "944"]
[BlackElo "1597"]
[PlyCount "206"]
[EventDate "2014.04.??"]
[EventType "swiss"]
[EventRounds "7"]
[EventCountry "GER"]
[SourceDate "2015.12.24"]
[SourceVersion "1"]
[SourceVersionDate "2015.12.24"]
[SourceQuality "1"]
[WhiteTeam "SC Grafenau"]
[BlackTeam "TSV Kreuzberg"]

1. e4 c5 2. Nc3 d6 3. Nf3 e6 4. Bb5+ Nc6 5. d3 a6 6. Bxc6+ bxc6 7. O-O d5 8.
Ne5 Qc7 9. Nf3 Bd6 10. Re1 e5 11. exd5 f6 12. Bd2 Ne7 13. dxc6 O-O 14. a3 Rb8
15. Rb1 Qxc6 16. Ne4 Bc7 17. b4 c4 18. Rc1 Bb7 19. Nc5 cxd3 20. cxd3 Ba8 21.
Be3 Nd5 22. Ne4 Qb7 23. Nc5 Qc6 24. Ne4 Nxe3 25. Rxc6 Nxd1 26. Rxc7 Nb2 27. Nc5
Rbd8 28. Ne6 Rc8 29. Rxc8 Rxc8 30. d4 Nd3 31. Rd1 Rc2 32. h3 Nxf2 33. Rd2 Rxd2
34. Nxd2 Nd1 35. Nf3 e4 36. Ne1 Bd5 37. Nf4 Bc4 38. d5 Kf7 39. d6 Ke8 40. Nh5
Kd7 41. Nxg7 Kxd6 42. Nf5+ Ke5 43. g4 h5 44. Kg2 hxg4 45. hxg4 Kf4 46. Nd6 Ne3+
47. Kh3 Bf1+ 48. Kh4 Be2 49. a4 Bxg4 50. b5 axb5 51. axb5 Nd5 52. Nc4 Bc8 53.
b6 e3 54. Kh5 Kg3 55. Nxe3 Nxe3 56. Kg6 Nd5 57. Nd3 Kg4 58. Nc5 f5 59. b7 Bxb7
60. Nxb7 f4 61. Nc5 f3 62. Ne4 Nf4+ 63. Kf6 Nd3 64. Nd2 f2 65. Ke6 Kf4 66. Kd5
Ke3 67. Nf1+ Ke2 68. Ng3+ Kf3 69. Nf1 Nf4+ 70. Kd4 Ne2+ 71. Kd3 Ng3 72. Ne3 Nf5
73. Nf1 Kg2 74. Nd2 Ng3 75. Kd4 Ne2+ 76. Ke3 Nc1 77. Ke4 Nb3 78. Nc4 Kg3 79.
Ne3 Nc5+ 80. Kd4 Kf3 81. Nf1 Ke2 82. Ng3+ Kf3 83. Nf1 Nb3+ 84. Kd3 Na5 85. Kd2
Kg2 86. Ke2 Nc4 87. Nh2 Nd2 88. Ke3 Nf3 89. Ng4 f1=Q 90. Ke4 Qb1+ 91. Kd5 Qf5+
92. Kc6 Qxg4 93. Kd6 Qh5 94. Kc6 Nd4+ 95. Kd6 Kf3 96. Ke7 Qh6 97. Kd7 Ke4 98.
Kc7 Kd5 99. Kd7 Qh7+ 100. Kd8 Ke6 101. Kc8 Kd6 102. Kb8 Nc6+ 103. Ka8 Qa7# 0-1

[Event "Niederbayrische Einzelmeisterschaft"]
[Site "Röhrnbach"]
[Date "2014.04.27"]
[Round "7.12"]
[White "Pauli, Anton"]
[Black "Seidl, Josef"]
[Result "1-0"]
[WhiteElo "1208"]
[BlackElo "1289"]
[PlyCount "95"]
[EventDate "2014.04.??"]
[EventType "swiss"]
[EventRounds "7"]
[EventCountry "GER"]
[SourceDate "2015.12.24"]
[SourceVersion "1"]
[SourceVersionDate "2015.12.24"]
[SourceQuality "1"]
[WhiteTeam "SV Röhrnbach"]
[BlackTeam "TSV Kreuzberg"]

1. d4 e6 2. c4 Bb4+ 3. Nc3 Nf6 4. Bd2 Bxc3 5. Bxc3 O-O 6. Qc2 Re8 7. Nf3 d6 8.
e3 a6 9. Bd3 h6 10. O-O Nbd7 11. Rfe1 c5 12. Rad1 b6 13. a3 Bb7 14. e4 e5 15.
d5 Nh7 16. Bd2 Ra7 17. Kh1 Bc8 18. Ng1 Ndf8 19. f4 Bg4 20. Be2 Bxe2 21. Rxe2
Ng6 22. f5 Ne7 23. Qc1 f6 24. Re3 Ng5 25. h4 Nf7 26. Rg3 Kh7 27. Ne2 Rg8 28.
Rg4 g6 29. fxg6+ Rxg6 30. Rxg6 Nxg6 31. g3 Qd7 32. Qc3 Qg4 33. Qe3 Qh3+ 34. Kg1
Ra8 35. Rf1 Nxh4 36. gxh4 Rg8+ 37. Kf2 Qxh4+ 38. Ng3 Ng5 39. Ke2 Qg4+ 40. Ke1
Qh4 41. Rxf6 Kg7 42. Rxh6 Kxh6 43. Kd1 Qg4+ 44. Kc2 Kh7 45. Kd3 Nf7 46. Nf5 Qf4
47. Qh3+ Nh6 48. Bxf4 1-0